Amateur Football Teams of Friesland - Statistics

General Stats
  • This quiz has been taken 4 times
  • The average score is 17 of 168
Answer Stats
Club % Correct
VV Drachten
100%
VV Heerenveen
100%
Harkemase Boys
75%
CVV Blauw Wit '34
50%
Drachtster Boys
50%
Heerenveense Boys
50%
LAC Frisia 1883
50%
ONS Sneek
50%
SC Joure
50%
SV RWF
50%
VV Oerterp
50%
VV Surhuisterveen
50%
ZMVV Zeerobben
50%
FC Burgum
25%
FC Harlingen
25%
FC Wolvega
25%
Friese Boys
25%
GSVV
25%
Leeuwarder Zwaluwen
25%
LSC 1890
25%
ONT
25%
SC Bolsward
25%
SC Kootstertille
25%
SC Leovardia
25%
SC Twijzel
25%
SV Houtigehage
25%
't Fean '58
25%
VV Akkrum
25%
VV Anjum
25%
VV Bakkeveen
25%
VV Blue Boys
25%
VV Buitenpost
25%
VV De Blesse
25%
VV Dokkum
25%
VV Drogeham
25%
VV Eastermar
25%
VV Hardegarijp
25%
VV Harkema-Opeinde
25%
VV Jistrum
25%
VV Kollum
25%
VV ONB
25%
VV Oostergo
25%
VV Rottevalle
25%
VV Sneek Wit Zwart
25%
VVT
25%
VV TFS
25%
VV Workum
25%
VV Zwaagwesteinde
25%
WTOC
25%
ASC '75
0%
AVC
0%
AVV
0%
Be Quick Dokkum
0%
Broekster Boys
0%
CVVO
0%
DWP
0%
FC Birdaard
0%
FC Fochteloo
0%
FFS
0%
FVC
0%
GAVC
0%
IJ.V.C.
0%
LVV Friesland
0%
NOK
0%
Olyphia
0%
Renado
0%
RKVV Bakhuizen
0%
RKVV MKV '29
0%
Ropta Boys
0%
SC Amelandia
0%
SC Berlikum
0%
SC Boornbergum '80
0%
SC Flamingo
0%
SC Franeker
0%
SC Lions '66
0%
SC Stiens
0%
SC Terschelling
0%
SC Veenwouden
0%
Sint Jacob
0%
Sparta '59
0%
Sportclub Makkinga
0%
SSS '68
0%
SV de Wâlde
0%
SV Donkerbroek
0%
SV Haulerwijk
0%
SV Hielpen
0%
SV Mulier
0%
SV Oeverzwaluwen
0%
SV Oosterwolde
0%
SV Suawoude
0%
SV THOR
0%
UDIROS
0%
VCR
0%
VC Trynwâlden
0%
V en V '68
0%
VV Aengwirden
0%
VV Arum
0%
VV Balk
0%
VV Beetgum
0%
VV Black Boys
0%
VV Blauwhuis
0%
VV Blauw Rood'20
0%
VV Blija
0%
VV CVO
0%
VV de Lauwers
0%
VV Delfstrahuizen
0%
VV De Monnik
0%
VV De Sweach
0%
VV de Wâlden
0%
VV Dronrijp
0%
VV DTD
0%
VV EBC
0%
VV Foarút
0%
VV Geel Wit
0%
VV Gersloot
0%
VV Gorredijk
0%
VV Heeg
0%
VV HJSC
0%
VV Holwerd
0%
VVI
0%
VV Irnsum
0%
VV Jubbega
0%
VV Langezwaag
0%
VV Langweer
0%
VV Lemmer
0%
VV Makkum
0%
VV Marrum
0%
VV Mildam
0%
VV Minnertsga
0%
VV Nicator
0%
VV Nieuweschoot
0%
VV Nijland
0%
VV Noordbergum
0%
VV ODV
0%
VV Oldeboorn
0%
VV Oldeholtpade
0%
VV Oosterlittens
0%
VV Oosterstreek
0%
VV Oudega
0%
VV Oudehaske
0%
VV Ouwe Syl
0%
VV QVC
0%
VV Read Swart
0%
VV Rijperkerk
0%
VV Scharnegoutum '70
0%
VV SDS
0%
VV Sint Annaparochie
0%
VV Sleat
0%
VV Sport Vereent
0%
VV Stânfries
0%
VV Suameer
0%
VV Ternaard
0%
VV Tijnje
0%
VV TOP '63
0%
VV Trinitas
0%
VV Tzum
0%
VV Tzummarum
0%
VV VIOD (Driesum)
0%
VV Wardy
0%
VV Warga
0%
VV Waskemeer
0%
VV Waterpoort Boys
0%
VV Wispolia
0%
VV Woudsend
0%
VV Zandhuizen
0%
VWC
0%
WWS
0%
Wykels Hallum
0%
No matching quizzes found
Score Distribution
Percent of People with Each Score
Percentile by Number Answered
Your Score History
You have not taken this quiz